| 000 | 00472nam a2200157 a 4500 | ||
|---|---|---|---|
| 001 | 000022120 | ||
| 005 | 20200930011606.0 | ||
| 008 | 100322s1983 cu 000 0 spa d | ||
| 040 |
_aDO-SdBNP _bspa _cBNPHU |
||
| 082 |
_axxxx _bxxxx |
||
| 245 | 0 | 0 |
_aIndización II / _ccompilación Sylvia López Veulens. |
| 260 |
_aLa Habana, Cuba : _bPueblo y Educación, _c1983. |
||
| 300 |
_a158 p. ; _c22 cm. |
||
| 504 | _aBibliografía p: 158 | ||
| 700 | 1 |
_aLópez Veulens, Sylvia _945825 |
|
| 999 |
_c21618 _d21618 |
||